| 000 | 00364 a2200145 4500 | ||
|---|---|---|---|
| 999 |
_c323372 _d323372 |
||
| 001 | 88299 | ||
| 003 | NUST | ||
| 082 | _a613.262 TEH | ||
| 100 |
_aTahseen Jabbar _99770 |
||
| 245 |
_aSabzion ka Incyclopedia , Vegeterian cook book _cTahseen Jabbar _hurdu |
||
| 250 | _a1st | ||
| 260 |
_aLahore _bDuaa _c2003 |
||
| 300 | _a304p | ||
| 500 | _acook , cooking | ||
| 942 |
_aCAE NUST _cBK _k613.262 _2ddc |
||